Normal view
MARC view
- MOBILE NETWORKS.IP DESIGN FOR MOBILE NETWORKS
Entry Topical Term
001 - CONTROL NUMBER
- control field: 68751
003 - CONTROL NUMBER IDENTIFIER
- control field: NUST
005 - DATE AND TIME OF LATEST TRANSACTION
- control field: 20210628204112.0
008 - FIXED-LENGTH DATA ELEMENTS
- fixed length control field: 210628|| aca||aabn | a|a d
040 ## - CATALOGING SOURCE
- Original cataloging agency: NUST
- Transcribing agency: NUST
150 ## - HEADING--TOPICAL TERM
- Topical term or geographic name entry element: MOBILE NETWORKS.IP DESIGN FOR MOBILE NETWORKS
670 ## - SOURCE DATA FOUND
- Source citation: Work cat.: (NUST): Grayson, Mark , Shatzkamer, Kevin , Wainner, Scott 68750, Ip design for mobile networks , revolutionizing the architecture and implementation of mobile networks, 2012
